000 01002nam a22003257a 4500
001 BR7907651
003 BR-BrBNA
005 20230928090305.0
007 ta
008 230509b bl.||||| |||| 00| 0 por d
040 _aBR-BrBNA
_bpor
_cBiblioteca Nacional de Agricultura
041 _a(Por)
072 _aM00
_b/G514
090 _ M00 BR7907651
100 1 _aTimm, J.U.C. de S.
110 1 _aSuperintendencia do Desenvolvimento da Pesca, Brasilia, DF (Brasil)
_910064
245 1 _aNova estrategia operacional da SUDEPE; um enfoque sistemico do setor pesqueiro [Superintendencia do Desenvolvimento da Pesca, Brasil]
260 3 _aBrasilia, DF (Brasil):
_c1979.
300 _a75 p.
500 _a10 illus.
650 _aPESCA
650 _aPRODUCAO PESQUEIRA
650 _aRECURSO PESQUEIRO
650 _aPESCA INTERIOR
650 _aPOLITICA PESQUEIRA
650 _aINCENTIVO FISCAL
650 _aADMINISTRACAO PESQUEIRA
909 _a202309
_bLucia
_c55
_dLucia Elande
942 _cBK
999 _c28327
_d28327